[Event "Morbihan-ch 1011"]
[Site "Morbihan"]
[Date "2011.01.08"]
[Round "4.8"]
[White "Hocher, Eugene"]
[Black "Potier, Pierre"]
[Result "0-1"]
[WhiteElo "1785"]
[BlackElo "1520"]
[PlyCount "169"]
[EventDate "2010.10.09"]
[EventType "swiss"]
[EventRounds "7"]
[EventCountry "FRA"]
[SourceTitle "EXT 2014"]
[Source "ChessBase"]
[SourceDate "2013.11.20"]
[SourceVersion "1"]
[SourceVersionDate "2013.11.20"]
[SourceQuality "1"]

1. d4 d5 2. c4 Nf6 3. Nc3 Nc6 4. Nf3 e6 5. Bg5 Be7 6. e3 0-0 7. h3 h6 8. Bh4 Ne4 9. Bxe7 Qxe7 10. Nxe4 dxe4 11. Nd2 f5 12. a3 b6 13. Be2 Bb7 14. Qc2 Rad8 15. Rd1 Qf6 16. 0-0 Ne7 17. b4 Ng6 18. f4 exf3 19. Bxf3 Bxf3 20. Nxf3 e5 21. dxe5 Nxe5 22. Nd4 g6 23. c5 a6 24. a4 Kh8 25. Rde1 Nc6 26. Nxc6 Qxc6 27. Qc3+ Kh7 28. Rf4 Rd7 29. Rc4 Rfd8 30. cxb6 Qxb6 31. Rc6 Qa7 32. Qf6 Rg8 33. Qe6 Rdg7 34. Rxa6 Qb8 35. b5 Re8 36. Qd5 f4 37. e4 Rf8 38. a5 f3 39. gxf3 Rxf3 40. Ra8 c6 41. Rxb8 cxd5 42. exd5 Rgf7 43. d6 h5 44. Rc8 Rg3+ 45. Kh2 Rff3 46. Re7+ Kh6 47. Rh8+ Kg5 48. Re2 Rxh3+ 49. Kg1 Rd3 50. Rd8 Rd1+ 51. Kf2 Kf4 52. Rf8+ Kg4 53. Re4+ Kg5 54. Re5+ Kg4 55. Re4+ Kg5 56. Rd8 Rd2+ 57. Ke1 Ra2 58. Re5+ Kf6 59. Re2 Ra1+ 60. Kf2 Rh2+ 61. Kf3 Ra3+ 62. Re3 Rh3+ 63. Ke4 Rhxe3+ 64. Kd5 Re5+ 65. Kc6 Rxa5 66. Rf8+ Kg7 67. Rb8 Re6 68. Kd5 Rf6 69. Rb7+ Kh6 70. Kc6 h4 71. Kc7 Ra8 72. d7 Rf7 73. b6 h3 74. Ra7 Rh8 75. b7 h2 76. Ra1 g5 77. Rh1 Kg6 78. Rd1 g4 79. b8Q Rxb8 80. Kxb8 Rf8+ 81. Kc7 g3 82. Re1 g2 83. Re8 Rf7 84. Rg8+ Kf6 85. Rxg2 0-1

[Event "Morbihan-ch 0910"]
[Site "Morbihan"]
[Date "2010.03.27"]
[Round "6.15"]
[White "Potier, Pierre"]
[Black "Audren, Jean"]
[Result "1/2-1/2"]
[WhiteElo "1650"]
[BlackElo "1450"]
[PlyCount "134"]
[EventDate "2009.10.10"]
[EventType "swiss"]
[EventRounds "7"]
[EventCountry "FRA"]
[SourceTitle "EXT 2014"]
[Source "ChessBase"]
[SourceDate "2013.11.20"]
[SourceVersion "1"]
[SourceVersionDate "2013.11.20"]
[SourceQuality "1"]

1. e4 c5 2. Nf3 e6 3. Nc3 Nf6 4. d4 cxd4 5. Nxd4 e5 6. Nb3 d6 7. Bc4 Be7 8. 0-0 0-0 9. Bg5 Nc6 10. Bxf6 Bxf6 11. a3 a6 12. Bd5 Rb8 13. Ne2 Bg4 14. f3 Bh5 15. Kh1 Bg5 16. Nbc1 Ne7 17. c4 Qb6 18. Nd3 Kh8 19. Rb1 f5 20. Ng3 Bg6 21. exf5 Bxf5 22. Be4 Bxe4 23. Nxe4 Nf5 24. Nxg5 Ne3 25. Qd2 Nxf1 26. Rxf1 Rf5 27. Nb4 Qc5 28. Qc2 Rxg5 29. Nd5 Qd4 30. Nc7 Rh5 31. g4 Rh4 32. Ne6 Qe3 33. Qg2 Qh6 34. Qg3 g5 35. Nc7 Rf8 36. Nd5 Rh3 37. Qg2 Rh4 38. Ne3 Qe6 39. Nf5 Rxf5 40. gxf5 Qxf5 41. Rg1 h6 42. Qe2 Rf4 43. Rf1 g4 44. Kg2 gxf3+ 45. Rxf3 Qg4+ 46. Kf2 e4 47. Rxf4 Qxf4+ 48. Ke1 e3 49. b3 b5 50. Qb2+ Kh7 51. Qc2+ Kg7 52. Qg2+ Kf6 53. cxb5 axb5 54. Qf1 Qxf1+ 55. Kxf1 Kf5 56. Ke2 Ke4 57. a4 bxa4 58. bxa4 d5 59. a5 d4 60. a6 d3+ 61. Kd1 Kf3 62. a7 e2+ 63. Ke1 d2+ 64. Kxd2 Kf2 65. a8Q e1Q+ 66. Kd3 Qe3+ 67. Kc4 Qf4+ 1/2-1/2